| 000 | 01124nam a2200289 i 4500 | ||
|---|---|---|---|
| 001 | 10238 | ||
| 003 | ES-MaACL | ||
| 005 | 20230906145839.0 | ||
| 007 | t| | ||
| 008 | 950323s1961 ck |||| | spa d | ||
| 080 | _a312(861) | ||
| 080 | _a308(861) | ||
| 100 | 1 |
_aLannoy, Juan Luis de. _970087 |
|
| 245 | 1 | 0 |
_aEstructuras demográficas y sociales de Colombia / _cpor Juan Luis de Lannoy y Gustavo Pérez. |
| 260 |
_aFriburgo : _bOficina Internacional de Investigaciones Sociales de Feres ; _aBogotá : _bCentro de Investigaciones Sociales, Departamento Socio-económico, _c1961. |
||
| 300 |
_a199 p., [2] h. pleg. : _bgráf. ; _c22 cm. |
||
| 490 | 1 |
_aSerie socio-económica ; _v3 |
|
| 504 | _aBibliografía: p. 197-199. | ||
| 651 | 4 |
_aColombia- _xPoblación. _9168658 |
|
| 651 | 4 |
_aColombia- _xSituación social. _9145305 |
|
| 700 | 1 |
_aPérez, Gustavo. _990577 |
|
| 710 | 2 |
_aOficina Internacional de Investigaciones Sociales. _9172476 |
|
| 710 | 2 |
_aCentro de Investigaciones Sociales (Bogotá) _9172480 |
|
| 830 | 1 |
_aSerie socio-económica ; _v3 _9228112 |
|
| 852 |
_aES-MaACL _jC-8106 |
||
| 999 |
_c10238 _d10238 |
||